| 000 | 00486nam a2200169 a 4500 | ||
|---|---|---|---|
| 005 | 20140412111430.0 | ||
| 008 | 110218s19uu xx 00 eng d | ||
| 020 | _a9780545000932 | ||
| 050 |
_aTR(PS E _bOu2 2008 |
||
| 100 | _aWilhelm, Hans, 1945- | ||
| 245 |
_aOuch! : it hurts!. / _cby Hans Wilhelm. |
||
| 260 |
_aNew York : _bScholastic, _c2008. |
||
| 300 | _a1 v. (unpaged) : col. ill. 24 | ||
| 440 | _aScholastic reader. Level 1 | ||
| 650 | _aDogs --Fiction. | ||
| 999 |
_c106351 _d106351 |
||